| 000 | 00863cac a22002291u 4500 | ||
|---|---|---|---|
| 090 | _c5767 | ||
| 008 | 081106t2000 xxu||||| |||| 00| 0 eng d | ||
| 010 | _a00106326 | ||
| 020 | _a0155080660 | ||
| 082 | 0 | 0 |
_a155.2 _bMCA |
| 100 | _aMcAdams, Dan P. | ||
| 245 | 1 | 4 |
_aThe person : _ban integrated introduction to personality psychology / _cDan P. McAdams. |
| 250 | _a3rd ed. | ||
| 260 |
_aFort Worth : _bHarcourt College Publishers, _cc.[2000] |
||
| 300 |
_a1 v. (various pagings) : _bill. ; _c25 cm. |
||
| 500 | _aDistributer : Al-Ahram. | ||
| 504 | _aIncludes bibliographical references and indexes. | ||
| 511 | _aCatalogued By : Mahitab. | ||
| 650 | 0 |
_aPersonality _vTextbooks. |
|
| 942 |
_cBB _k155.2MCA _2ddc |
||
| 999 |
_c5767 _d5767 |
||